| 000 | 01100nam a22003017a 4500 | ||
|---|---|---|---|
| 999 |
_c136400 _d136400 |
||
| 003 | dpl | ||
| 005 | 20190104160323.0 | ||
| 008 | 190104b ||||| |||| 00| 0 eng d | ||
| 010 | _aB-190379, B-190395 | ||
| 020 | _a9780070606012 | ||
| 035 | _aB-190379, B-190395 | ||
| 037 | _bCen Lib / Ret | ||
| 040 |
_aDPL _bEN _c0 |
||
| 082 |
_a620.104076 _bSHE |
||
| 100 | _aShelley, Joseph F. | ||
| 245 |
_a800 solved problems in vector mechanics for engineers _cby Joseph F. Shelley |
||
| 246 |
_aEight hundred solved problems in vector mechanics for engineers _bby Joseph F. Shelley |
||
| 260 |
_aNew Delhi _bTata McGraw-Hill _c1990 |
||
| 270 |
_a7 West Patel Nagar _bNew Delhi _e110008 |
||
| 300 |
_a2 v. ; (v 1. viii, 678 ; v 2. 716p) _b26cm(PBK) |
||
| 490 | _aSchaum's solved problems series | ||
| 505 | _a2 v. ; v 1. Statics ; v 2. Dynamics | ||
| 650 | _aMechanics, Applied -- Problems, exercises, etc. | ||
| 650 | _aVector analysis -- Problems, exercises, etc. | ||
| 650 | _aMechanics, Applied. | ||
| 650 | _aVector analysis. | ||
| 942 |
_2ddc _cEN _h620.104076 _mSHE |
||